000
00240nam a2200097Ia 4500
001
1104231
005
20250827003355.0
008
250824s9999 xx 000 0 und d
245
0
_a
GEÇECEK Mİ?
_c
GÖKHAN ÇINAR
260
_b
DESTEK YAYINLARI
999
_c
1104231
_d
1104231